000 00314nam a2200133 i 4500
001 bg
100 1 _aSOWIŃSKI, A.
245 0 _aElektronizacja :
_bsystemy pomiarowe /
_cA. Sowiński.
260 _aWarszawa,
_c1986.
040 _cBPK
041 _apol
942 _cKS
008 s pl f |000 0 pol
999 _c23414
_d23414
856 _uhttp://koha.tu.koszalin.pl/cgi-bin/koha/opac-detail.pl?biblionumber=23414
_yKatalog online BPK